| 000 | 00473nam a2200157 a 4500 | ||
|---|---|---|---|
| 005 | 20141006160717.0 | ||
| 008 | 141006b xxu||||| |||| 00| 0 spa d | ||
| 041 | _aspa | ||
| 090 |
_aIAVH _b00779 |
||
| 100 |
_aVélez Llinás, Juliana _95258 |
||
| 245 | _aContratos de acceso y distribución de beneficios en el mundo, experiencias aprendidas | ||
| 260 |
_aBogotá _bInstituto Alexander von Humboldt _c2007 |
||
| 300 | _a196 p. | ||
| 942 |
_cINFORME _2z |
||
| 945 | _d2008-02-19 | ||
| 999 |
_c6187 _d6187 |
||